[Event "ROM-ch U12 Boys"]
[Site "Voineasa"]
[Date "2008.04.15"]
[Round "6"]
[White "Bologa, Dragos Mihai"]
[Black "Botez, Robert Diner"]
[Result "0-1"]
[WhiteElo "452"]
[BlackElo "401"]
[PlyCount "28"]
[EventDate "2008.04.08"]
[EventType "swiss"]
[EventRounds "9"]
[EventCountry "ROU"]
[SourceTitle "EXT 2013"]
[Source "ChessBase"]
[SourceDate "2012.11.22"]
[SourceVersion "1"]
[SourceVersionDate "2012.11.22"]
[SourceQuality "1"]

1. e4 e6 2. d4 d5 3. exd5 exd5 4. Qe2+ Be7 5. b3 Nf6 6. Ba3 Nc6 7. Bxe7 Nxe7 8. Qd2 0-0 9. c4 Re8 10. Be2 Ne4 11. Qd3 Ng6 12. f3 Nf4 13. Qc2 Nxg2+ 14. Kd1 Ne3+ 0-1

[Event "ROM-ch U12 Boys"]
[Site "Voineasa"]
[Date "2008.04.12"]
[Round "2"]
[White "Bologa, Dragos Mihai"]
[Black "Cucu, George"]
[Result "1-0"]
[WhiteElo "452"]
[BlackElo "401"]
[PlyCount "61"]
[EventDate "2008.04.08"]
[EventType "swiss"]
[EventRounds "9"]
[EventCountry "ROU"]
[SourceTitle "EXT 2013"]
[Source "ChessBase"]
[SourceDate "2012.11.22"]
[SourceVersion "1"]
[SourceVersionDate "2012.11.22"]
[SourceQuality "1"]

1. e4 e5 2. Nf3 Nc6 3. Nc3 Bb4 4. d4 d6 5. Bd2 exd4 6. Nd5 Bxd2+ 7. Qxd2 Bg4 8. Nxd4 Nxd4 9. Qxd4 Nf6 10. f3 c5 11. Qd2 Be6 12. c4 Nxd5 13. cxd5 Bd7 14. a4 Qb6 15. a5 Qb3 16. Ra3 Qb4 17. Qxb4 cxb4 18. Rb3 b6 19. axb6 axb6 20. Rxb4 Ra1+ 21. Kf2 b5 22. g4 0-0 23. Kg2 Rfa8 24. Bxb5 Bxb5 25. Rxa1 Rxa1 26. Rxb5 Kf8 27. Rb6 Ke7 28. b4 Ra2+ 29. Kg3 g5 30. h4 gxh4+ 31. Kxh4 1-0